| 000 | 00348nam a22001337a 4500 | ||
|---|---|---|---|
| 020 | _a0-471-85291-0 | ||
| 082 | _a513.93 MIZ'M | ||
| 100 |
_aSULLIVAN, M, MIZRAHI, ABE _967754 |
||
| 245 | _aMATHEMATICS FOR BUSINESS ANS SCHOOL SCIENCE, AN APPLIED APPROACH | ||
| 250 | _a4TH | ||
| 260 |
_aNEWYORK _bJOHN WILEY _c1988 |
||
| 300 | _a875P | ||
| 942 | _cBK | ||
| 999 |
_c575462 _d575462 |
||